000 01047nam a22002897a 4500
001 9368
003 FISKH
005 20251215083316.0
008 251215b cb ||||| |||| 00| 0 eng d
020 _a9781577553380
040 _aFISKH
_beng
_cFISKH
_dFISKH
050 _aQL795.O7 R47
082 _a599.883
100 _aResnick, Jon
_eAuthor
245 _aOrly the orangutan :
_bTrue-to-life books /
_cWritten and photographed by Jon Resnick ; Designed and produced by Jan Davis
260 _aHong Kong :
_bJon Resnick & Jan Davis ,
_c2001
300 _a24 pages :
_bphotographs ;
_c27 cm
505 _aR
520 _aOrly the orangutan is your guide on this exciting adventure through his natural habitat and daily activities. Learn what you can do to help protect the endangered orangutan population.
521 8 _a700
_bLexile estimate
521 8 _aR
_bRaz-Plus
650 _aNon-fiction animals
_vMammals
650 _aScience
_vOrangutan
700 _aResnick, Jon
_ePhotographer
942 _2ddc
_cBK
_n0
999 _c9368
_d9368